Paroles "Belle" - La belle et la bête (Disney) - Statistiques

Statistiques générales
  • Ce quiz a été pris 93 fois
  • Le résultat moyen est 307 sur 500
Statistiques - réponses
Chanteur % Correct
91%
Belle | Villageois x2 | Villageois x5
88%
Belle | Boulanger
88%
88%
Belle | Gaston
88%
87%
87%
87%
85%
84%
84%
Gaston
84%
82%
82%
82%
81%
81%
79%
79%
79%
79%
78%
78%
Belle | Gaston
78%
Belle | Villageois
76%
76%
76%
76%
Gaston | Le fou | Villageois
76%
76%
76%
76%
75%
75%
Femme | Homme
75%
75%
75%
Femme | Filles
73%
73%
72%
Belle
72%
72%
Gaston | Homme
72%
Le fou
72%
72%
72%
72%
Homme | Le fou
72%
72%
70%
70%
70%
70%
Boulanger
70%
70%
70%
70%
70%
70%
70%
69%
69%
69%
69%
69%
69%
67%
67%
67%
67%
67%
67%
67%
66%
66%
66%
66%
66%
66%
64%
64%
64%
64%
64%
64%
64%
64%
64%
63%
63%
63%
63%
Belle
63%
63%
61%
61%
61%
Villageois
61%
61%
61%
61%
Boulanger
61%
61%
61%
61%
61%
61%
60%
60%
60%
60%
60%
60%
60%
60%
60%
58%
58%
58%
58%
58%
58%
58%
58%
58%
58%
58%
57%
57%
57%
57%
57%
Belle
57%
55%
55%
55%
55%
55%
55%
55%
55%
55%
54%
54%
54%
54%
54%
54%
54%
54%
52%
Belle
52%
52%
52%
52%
52%
52%
52%
52%
52%
52%
52%
52%
52%
51%
Libraire
51%
51%
51%
51%
51%
51%
51%
51%
51%
51%
49%
49%
49%
Libraire
49%
49%
49%
49%
49%
48%
48%
48%
48%
48%
48%
48%
48%
48%
46%
46%
46%
46%
46%
46%
46%
46%
45%
45%
45%
45%
45%
Belle
45%
45%
45%
43%
43%
Libraire
43%
43%
Femme
43%
43%
43%
43%
43%
43%
43%
43%
42%
42%
42%
42%
42%
Le fou
42%
42%
42%
40%
40%
40%
40%
Libraire
40%
40%
40%
40%
40%
39%
39%
39%
39%
39%
39%
39%
39%
39%
39%
39%
37%
37%
37%
37%
37%
37%
37%
37%
Libraire
36%
36%
36%
36%
36%
36%
36%
36%
34%
34%
34%
33%
33%
33%
33%
33%
33%
Gaston | Le fou
31%
31%
31%
31%
31%
30%
30%
30%
30%
30%
28%
27%
Homme
27%
27%
27%
25%
25%
25%
24%
22%
21%
18%
18%
15%
15%
15%
Gaston
12%
Aucun quiz correspondant
Distribution des résultats
% des personnes avec chaque résultat
Percentile par nombre de réponses
Votre historique - résultats
Vous n’avez pas pris ce quiz